| 000 | 00466nam a2200157 i 4500 | ||
|---|---|---|---|
| 001 | 77195 | ||
| 003 | ES-MaACL | ||
| 005 | 20230906173120.0 | ||
| 007 | t| | ||
| 008 | 041007s1966 sp ||||1| spa d | ||
| 100 | 1 |
_aHaarer, Alec Ernest. _961349 |
|
| 245 | 1 | 0 |
_aProducción moderna de bananas / _cA. E. Haarer ; traducido, Jaime Esain Escobar. |
| 260 |
_aZaragoza : _bAcribía, _c1966. |
||
| 300 |
_a174 p. : _bil. ; _c22 cm. |
||
| 852 |
_aES-MaACL _jC-28477 _bR.57695 |
||
| 999 |
_c77195 _d77195 |
||